ბათუმის შოთა რუსთაველის სახელმწიფო უნივერსიტეტის ბიბლიოთეკა

Who rules the world? / (ბიბ.ჩანაწერი № 57806)

000 -LEADER
fixed length control field 00903cam a2200253 i 4500
001 - CONTROL NUMBER
control field 19037063
005 - DATE AND TIME OF LATEST TRANSACTION
control field 20221108163754.0
008 - FIXED-LENGTH DATA ELEMENTS--GENERAL INFORMATION
fixed length control field 160331s2017 nyu b 001 0 eng
020 ## - INTERNATIONAL STANDARD BOOK NUMBER
International Standard Book Number 9780241189450 X
041 ## - LANGUAGE CODE
Language code of text/sound track or separate title eng
080 ## - UNIVERSAL DECIMAL CLASSIFICATION NUMBER
Universal Decimal Classification number 327(100) C-55
100 1# - MAIN ENTRY--PERSONAL NAME
Personal name Chomsky, Noam,
Relator term author.
9 (RLIN) 9887
245 10 - TITLE STATEMENT
Title Who rules the world? /
Statement of responsibility, etc. Noam Chomsky.
264 #1 - PRODUCTION, PUBLICATION, DISTRIBUTION, MANUFACTURE, AND COPYRIGHT NOTICE
Place of production, publication, distribution, manufacture New York :
Name of producer, publisher, distributor, manufacturer Penguin Books,
Date of production, publication, distribution, manufacture, or copyright notice 2016.
300 ## - PHYSICAL DESCRIPTION
Extent 318 p. ;
Dimensions 25 cm.
650 #0 - SUBJECT ADDED ENTRY--TOPICAL TERM
Topical term or geographic name entry element World politics
Chronological subdivision 21st century.
9 (RLIN) 9190
650 #0 - SUBJECT ADDED ENTRY--TOPICAL TERM
Topical term or geographic name entry element Power (Social sciences)
9 (RLIN) 9888
650 #7 - SUBJECT ADDED ENTRY--TOPICAL TERM
Topical term or geographic name entry element POLITICAL SCIENCE / International Relations / General.
Source of heading or term bisacsh
9 (RLIN) 9879
650 #7 - SUBJECT ADDED ENTRY--TOPICAL TERM
Topical term or geographic name entry element HISTORY / Modern / 21st Century.
Source of heading or term bisacsh
9 (RLIN) 9889
651 #0 - SUBJECT ADDED ENTRY--GEOGRAPHIC NAME
Geographic name United States
General subdivision Foreign relations
Chronological subdivision 21st century.
9 (RLIN) 9195
653 ## - INDEX TERM--UNCONTROLLED
keyword მსოფლიო პოლიტიკა
653 ## - INDEX TERM--UNCONTROLLED
keyword საგარეო ურთიერთობები
942 ## - ADDED ENTRY ELEMENTS (KOHA)
Source of classification or shelving scheme
Koha item type წიგნი
ეგზემპლარები
Withdrawn status Lost status Source of classification or shelving scheme Damaged status Not for loan Permanent Location Current Location Shelving location Date acquired Cost, normal purchase price Full call number Barcode Date last seen Copy number Price effective from Koha item type Public note
          ბათუმის შოთა რუსთაველის სახელმწიფო უნივერსიტეტის მთავარი ბიბლიოთეკა ბათუმის შოთა რუსთაველის სახელმწიფო უნივერსიტეტის მთავარი ბიბლიოთეკა წიგნსაცავი 2020-12-09 38.46 327(100) C-55 61152 2020-12-09 61152 2020-12-09 წიგნი 38ლ. 46 თ.